Μετάβαση στο περιεχόμενο
VuFind
Γλώσσα
English
Deutsch
Español
Français
Italiano
日本語
Nederlands
Português
Português (Brasil)
中文(简体)
中文(繁體)
Türkçe
עברית
Gaeilge
Cymraeg
Ελληνικά
Català
Euskara
Русский
Čeština
Suomi
Svenska
polski
Dansk
slovenščina
اللغة العربية
বাংলা
Galego
Tiếng Việt
Hrvatski
हिंदी
Όλα τα πεδία
Τίτλος
Συγγραφέας
Θέμα
Ταξιθετικός Αριθμός
ISBN/ISSN
Ετικέτα
Αναζήτηση
Σύνθετη
Αναζήτηση
Harvard Journal of law and tec...
Εμφάνιση παραπομπής
Αποστολή με email
Εκτύπωση
Αποθήκευση
Αποθήκευση σε RefWorks
Αποθήκευση σε EndNoteWeb
Αποθήκευση σε EndNote
permanent_link
Φορτώνει......
Harvard Journal of law and technology
Λεπτομέρειες βιβλιογραφικής εγγραφής
Γλώσσα:
English
Τεκμήρια
Περιγραφή
Παρόμοια τεκμήρια
Λεπτομερής προβολή
LEADER
00212nam a22000857a 4500
008
130215t xxu||||| |||| 00| 0 eng d
245
|a
Harvard Journal of law and technology
300
|a
.
942
|2
udc
|c
CR
|s
1
|6
_
999
|c
140565
|d
140565
Παρόμοια τεκμήρια
Harvard journal of law and technology
Harvard Journal of Law and Technology
Έκδοση: (2017)
Harvard Journal of Law and Technology
Harvard Journal of Law and Technology (1988) Vol.1
Harvard Journal of Law and Technology (1989) Vol.2
Φορτώνει......